00696cam a22002414a 450000100090000000300050000900500170001400800410003101000170007201500150008902000180010404000180012204200080014005000220014808200140017010000180018424500700020226000370027230000480030950400530035765000270041070000170043713727739ASAB20170417162721.0040922s2004 nyua b 001 0 eng  a 2004302550 aGBA3-V3220 a0-393-97430-8 aDLCcDLCdDLC apcc00aQH491b.W558 200400a571.82221 aWilt, Fred H.10aPrinciples of developmental biology /cFred H. Wilt & Sarah Hake. aNew York :bW.W. Norton,cc2004. axxiii, 430 p. :bill. (some col.) ;c29 cm. aIncludes bibliographical references and indexes. 0aDevelopmental biology.1 aHake, Sarah.